|
|
|
|
| LEADER |
00000nam0a2200000 4500 |
| 001 |
348791 |
| 005 |
20231102010136.0 |
| 035 |
|
|
|a (RuTPU)RU\TPU\retro\597
|
| 090 |
|
|
|a 348791
|
| 100 |
|
|
|a 20180314d1978 km y0rusy50 ca
|
| 101 |
0 |
|
|a rus
|
| 102 |
|
|
|a BY
|
| 105 |
|
|
|a a z 001zy
|
| 200 |
1 |
|
|a Начала специальной теории относительности
|f Г. Б. Аверьянов
|
| 210 |
|
|
|a Минск
|c Вышэйшая школа
|d 1978
|
| 215 |
|
|
|a 80 с.
|c ил.
|
| 225 |
1 |
|
|a Библиотека юного физика
|
| 320 |
|
|
|a Библиогр.: с. 79
|
| 606 |
1 |
|
|a Относительности теория
|2 stltpush
|3 (RuTPU)RU\TPU\subj\47735
|9 66647
|
| 610 |
1 |
|
|a системы отсчета
|
| 610 |
1 |
|
|a свет
|
| 610 |
1 |
|
|a свойства
|
| 610 |
1 |
|
|a время
|
| 610 |
1 |
|
|a длина
|
| 610 |
1 |
|
|a эффект Доплера
|
| 610 |
1 |
|
|a одновременность
|
| 610 |
1 |
|
|a закон сложения скоростей
|
| 610 |
1 |
|
|a масса
|
| 610 |
1 |
|
|a ускорители
|
| 610 |
1 |
|
|a энергия
|
| 610 |
1 |
|
|a атомное ядро
|
| 675 |
|
|
|a 530.12
|v 4
|
| 700 |
|
1 |
|a Аверьянов
|b Г. Б.
|g Георгий Борисович
|
| 801 |
|
1 |
|a RU
|b 63413507
|c 20180314
|
| 801 |
|
2 |
|a RU
|b 63413507
|c 20180315
|g RCR
|
| 942 |
|
|
|c BK
|